Auto CAD LT 2009 For Engineers And Designers / (Record no. 36438)

MARC details
000 -LEADER
fixed length control field 00451nam a22001697a 4500
005 - DATE AND TIME OF LATEST TRANSACTION
control field 20240821133150.0
008 - FIXED-LENGTH DATA ELEMENTS--GENERAL INFORMATION
fixed length control field 240821b |||||||| |||| 00| 0 eng d
020 ## - INTERNATIONAL STANDARD BOOK NUMBER
ISBN 9788131726655
082 ## - DEWEY DECIMAL CLASSIFICATION NUMBER
Classification number 004.165
Item number CAD-A
100 ## - MAIN ENTRY--AUTHOR
Author Name Cadcim
245 ## - TITLE STATEMENT
Title Auto CAD LT 2009 For Engineers And Designers /
Statement of responsibility, etc. Shamtickoo
260 ## - PUBLICATION, DISTRIBUTION, ETC.
Place of Publication India:
Name of publisher, distributor, etc. Pearson;
Date of publication, distribution, etc. 2011.
500 ## - GENERAL NOTE
General note include index.
650 ## - SUBJECT ADDED ENTRY--TOPICAL TERM
Subject / Department Graphics design
300 ## - PHYSICAL DESCRIPTION
-- ill;
-- 24 cm.
952 ## - LOCATION AND ITEM INFORMATION (KOHA)
-- 0
-- 0
Holdings
Lost status Damaged status Collection code Permanent Location Current Location Shelving Location Date acquired Full Call Number Accession No./Barcode Date last seen item type Koha item type
    CS/IT Superior Information Resource Center (SIRC) Superior University- Gold Campus Superior Information Resource Center (SIRC) Superior University- Gold Campus Graphics design 08/21/2024 004.165 CAD-A 2011 18215 08/21/2024 BOOK BOOK

Powered by Koha